La isla del tesoro /
Mapas, tesoros y piratas se hicieron mito después de que se publicara esta novela, llena de misterio y acción. La protagoniza un chico que descubre en esas aventuras la maravilla (y también la maldad) de la vida. Su autor fue Robert Louis Stevenson, nacido en Escocia en 1850 y muerto en la isla de S...
Guardado en:
| Autor Principal: | |
|---|---|
| Otros Autores: | , |
| Formato: | Libro |
| Idioma: | Undetermined |
| Publicado: |
Buenos Aires :
AGEA,
2004.
|
| Edición: | 1a ed. |
| Series: | Enseñar 2do ciclo
|
| Materias: | |
| Etiquetas: |
Agregar Etiqueta
Sin Etiquetas, Sea el primero en etiquetar este registro!
|
| LEADER | 01312nam a22002895a 4500 | ||
|---|---|---|---|
| 001 | CEM.cems021208 | ||
| 008 | 240605s2004####ag############000#0#und#d | ||
| 005 | 20240605144133.0 | ||
| 245 | 1 | 0 | |a La isla del tesoro / |c Robert Louis Stevenson ; adaptado por Jorge Aulicino ; ilustrado por Ignacio Noé. |
| 250 | |a 1a ed. | ||
| 260 | |a Buenos Aires : |b AGEA, |c 2004. | ||
| 300 | |a 64 p. | ||
| 490 | 1 | |a Enseñar 2do ciclo | |
| 520 | |a Mapas, tesoros y piratas se hicieron mito después de que se publicara esta novela, llena de misterio y acción. La protagoniza un chico que descubre en esas aventuras la maravilla (y también la maldad) de la vida. Su autor fue Robert Louis Stevenson, nacido en Escocia en 1850 y muerto en la isla de Samoa, en 1894. | ||
| 020 | |a 9507824685 | ||
| 100 | 1 | |a Stevenson, Robert Louis. | |
| 700 | 1 | |a Aulicino, Jorge; adapt. | |
| 700 | 1 | |a Noé, Ignacio; il. | |
| 653 | |a Literatura infantil | ||
| 653 | |a Literatura juvenil | ||
| 653 | |a Novela juvenil | ||
| 653 | |a Novela infantil | ||
| 653 | |a Literatura inglesa | ||
| 653 | |a Literatura escocesa | ||
| 859 | |a CEMS |b BIB. CEMS - Inicial y Primaria |h 823.8 |i St479 |k IP |p 2983 |t Ej.1 | ||
| 859 | |a CEMS |b BIB. CEMS - Inicial y Primaria |h 823.8 |i St479 |k IP |p 6798 |t Ej.2 | ||
| 859 | |a CEMS |b BIB. CEMS - Inicial y Primaria |h 823.8 |i St479 |k IP |p 6799 |t Ej.3 | ||
